| 000 | 01872nam a2200253 i 4500 | ||
|---|---|---|---|
| 003 | DO-SdUEMH | ||
| 005 | 20260113215100.0 | ||
| 007 | ta | ||
| 008 | 260113s1995 dr a|||gr|||| 00| 0dspa d | ||
| 040 |
_aDO-SdUEMH _bspa _erda |
||
| 041 | _aspa | ||
| 082 | 1 | 4 |
_mRD _bAR696 |
| 100 | 1 | _eaut | |
| 245 |
_aManual de Procedimientos de Tratados Internacionales / _cLuis Arias |
||
| 264 | 1 |
_aSanto Domingo, República Dominicana : _bUniversidad Autónoma de Santo Domingo, _c1995 |
|
| 264 | 4 | _c©1995 | |
| 300 |
_a142 páginas : _bilustraciones ; _c20 cm. |
||
| 336 |
_2rdacontent _atexto _btxt |
||
| 337 |
_2rdamedia _asin mediación _bn |
||
| 338 |
_2rdacarrier _avolumen _bnc |
||
| 504 | _aContiene Información Bibliográfica a Final de la Obra. | ||
| 505 | _aDefinición de los Tratados -- Clasificación de los Tratados -- Denominaciones -- Proceso de Elaboración de un Tratado -- La Negociación -- Adopción del Texto del Tratado -- Las Partes del Tratado -- Autenticación del Texto -- Formas de Manifestación del Consentimiento en obligarse por el Tratado -- Firma del Tratado -- Ratificación de los Tratados -- Procedimiento para la Ratificación de los Tratados -- Canje y depósito de Instrumentos de Ratificación -- Procedimiento Supletorio de Canje de Instrumentos de Ratificación -- Los Procedimientos Simplificados o Abreviados -- Adhesión, Aprobación, Aceptación -- Ratificación Simultánea -- Reservas a los Tratados -- Ley Aprobatoria de Tratados en el Régimen Constitucional Dominicano -- Entrada en Vigor de los Tratados -- Registro y Publicación de los Tratados Internacionales -- Régimen Jurídico de Publicidad de los Tratados Internacionales en República Dominicana -- Terminación de los Tratados -- ANEXOS -- Carta Constitutiva o Estatuto -- Convención sobre Condición de extranjeros -- Concordato -- Protocolo. | ||
| 942 |
_2ddc _cBK _n0 |
||
| 999 |
_c18334 _d18334 |
||